[Event "British Columbia ch"]
[Site "Vancouver CAN"]
[Date "2009.10.10"]
[Round "3.3"]
[White "Milicevic, Dragoljub"]
[Black "Davies, Lucas"]
[Result "1/2-1/2"]
[WhiteElo "2212"]
[BlackElo "2238"]
[PlyCount "122"]
[GameId "2160767910096487"]
[EventDate "2009.10.09"]
[EventType "tourn"]
[EventRounds "7"]
[EventCountry "CAN"]

1. d4 Nf6 2. c4 g6 3. Nc3 Bg7 4. e4 d6 5. Be2 O-O 6. Bg5 h6 7. Be3 e5 8. d5 Nbd7 9. f3 Nh5 10. Qd2 f5 11. exf5 gxf5 12. O-O-O f4 13. Bf2 a5 14. g4 Nhf6 15. h4 b6 16. Nh3 Nc5 17. Bxc5 bxc5 18. Nf2 Kf7 19. Rdg1 Ng8 20. Nce4 Ne7 21. Bd3 c6 22. dxc6 Nxc6 23. h5 Nd4 24. Be2 Rh8 25. Bd1 Be6 26. Qc3 Rb8 27. Nd3 Bf6 28. Kb1 Be7 29. Re1 Qb6 30. Rh2 Rbc8 31. Rf1 Rhg8 32. Rff2 Qa6 33. b3 Rc7 34. a4 Qb6 35. Rb2 Rcc8 36. Ka2 Rg7 37. Qd2 Bg5 38. Nc3 Rgg8 39. Nf2 Be7 40. Nfe4 Ke8 41. Qd3 Kd7 42. Kb1 Rb8 43. Rhd2 Rb7 44. Nb5 Qa6 45. Nec3 Rg7 46. Qe4 Qc6 47. Nd5 Bg8 48. Nxd4 cxd4 49. Bc2 Bh7 50. Qe2 Bxc2+ 51. Rdxc2 Kd8 52. Qe4 Bh4 53. Rh2 Bg5 54. Rhe2 Rb8 55. Ka2 Rgb7 56. Qf5 Rxb3 57. Rxb3 Qxa4+ 58. Ra3 Qxc4+ 59. Ka1 Qc1+ 60. Ka2 Qc4+ 61. Ka1 Qc1+ 1/2-1/2

[Event "British Columbia ch"]
[Site "Vancouver CAN"]
[Date "2009.10.10"]
[Round "3.4"]
[White "McLaren, Brian"]
[Black "Pechisker, Alfred"]
[Result "1/2-1/2"]
[WhiteElo "2217"]
[BlackElo "2284"]
[PlyCount "31"]
[GameId "2160767910096488"]
[EventDate "2009.10.09"]
[EventType "tourn"]
[EventRounds "7"]
[EventCountry "CAN"]

1. Nf3 g6 2. g3 Bg7 3. c4 e5 4. d3 Ne7 5. Nc3 c6 6. Bg2 h6 7. d4 exd4 8. Nxd4 O-O 9. O-O d6 10. Be3 Nd7 11. Qc1 Ne5 12. Bxh6 Nxc4 13. Bxg7 Kxg7 14. Rd1 d5 15. e4 Nb6 16. exd5 1/2-1/2

[Event "British Columbia ch"]
[Site "Vancouver CAN"]
[Date "2009.10.11"]
[Round "4"]
[White "Yoos, John"]
[Black "Pechisker, Alfred"]
[Result "1/2-1/2"]
[WhiteElo "2438"]
[BlackElo "2284"]
[PlyCount "85"]
[GameId "2160767910096489"]
[EventDate "2009.10.09"]
[EventType "tourn"]
[EventRounds "7"]
[EventCountry "CAN"]
[SourceTitle "EXT 2011"]
[Source "ChessBase"]
[SourceDate "2011.11.26"]
[SourceVersion "1"]
[SourceVersionDate "2011.11.26"]
[SourceQuality "1"]

1. e4 c6 2. d4 d5 3. e5 Bf5 4. Nf3 e6 5. Be2 Nd7 6. O-O Ne7 7. Nh4 c5 8. c3 Bxb1 9. Rxb1 Nc6 10. Nf3 c4 11. Ng5 Be7 12. h4 g6 13. Qc2 Nf8 14. g3 h6 15. Nh3 Kd7 16. b3 b5 17. bxc4 bxc4 18. Qa4 Kc7 19. Ba3 Nd7 20. Bxe7 Qxe7 21. Nf4 g5 22. Ng2 f5 23. exf6 Nxf6 24. Rb2 Rab8 25. Rfb1 Rb6 26. Rxb6 axb6 27. Qb5 Rb8 28. hxg5 hxg5 29. Ne3 Qa3 30. Qb2 Qxb2 31. Rxb2 b5 32. a3 Ra8 33. Nc2 Ne4 34. Bg4 Nxc3 35. Bxe6 Ne2+ 36. Kg2 Nexd4 37. Bxd5 Nxc2 38. Rxc2 Rxa3 39. Bxc4 bxc4 40. Rxc4 Kd6 41. Rg4 Ra5 42. f4 gxf4 43. Rxf4 1/2-1/2

[Event "British Columbia ch"]
[Site "Vancouver CAN"]
[Date "2009.10.11"]
[Round "4.2"]
[White "Davies, Lucas"]
[Black "McLaren, Brian"]
[Result "1/2-1/2"]
[WhiteElo "2238"]
[BlackElo "2217"]
[PlyCount "141"]
[GameId "2160767910096490"]
[EventDate "2009.10.09"]
[EventType "tourn"]
[EventRounds "7"]
[EventCountry "CAN"]

1. e4 g6 2. d4 Bg7 3. Nc3 c6 4. Be3 d5 5. f3 h5 6. Qd2 b6 7. O-O-O Ba6 8. Bxa6 Nxa6 9. Nge2 Qd7 10. Kb1 e6 11. Rc1 O-O-O 12. Rhd1 Kb7 13. b3 Ne7 14. Na4 dxe4 15. fxe4 e5 16. dxe5 Qxd2 17. Bxd2 Bxe5 18. Bc3 Bxc3 19. Naxc3 Rxd1 20. Rxd1 Kc7 21. Rf1 Rf8 22. Nf4 Kd7 23. Nd3 Nb8 24. b4 f6 25. Ne2 Ke8 26. Nd4 Nd7 27. c4 Rf7 28. Kc2 Ne5 29. Nxe5 fxe5 30. Nf3 Nc8 31. Rd1 Re7 32. c5 b5 33. Rd3 Re6 34. Kd2 Re7 35. Ke3 Re6 36. Kf2 Rf6 37. Kg3 Ne7 38. Ra3 Rf4 39. Re3 Rf6 40. Kh4 Rf4+ 41. Kh3 Kf7 42. Nxe5+ Kf6 43. Nd3 Rg4 44. g3 Ng8 45. Nf2 Rg5 46. Ra3 Re5 47. Rxa7 Nh6 48. Rc7 Re6 49. Nd3 Ng4 50. Kg2 g5 51. h3 Ne3+ 52. Kf3 Nc4 53. e5+ Nxe5+ 54. Nxe5 Kxe5 55. Rh7 g4+ 56. hxg4 Rf6+ 57. Ke3 hxg4 58. Rh5+ Ke6 59. Ke4 Rf3 60. Rh6+ Kd7 61. Rd6+ Kc7 62. Rg6 Rxg3 63. Rg7+ Kd8 64. Ke5 Rd3 65. Rxg4 Rd5+ 66. Ke6 Rd2 67. Rg8+ Kc7 68. Rg7+ Kc8 69. Rg8+ Kc7 70. Rg7+ Kc8 71. Rg8+ 1/2-1/2

[Event "British Columbia ch"]
[Site "Vancouver CAN"]
[Date "2009.10.11"]
[Round "4.3"]
[White "Jiganchine, Roman"]
[Black "Milicevic, Dragoljub"]
[Result "1/2-1/2"]
[WhiteElo "2251"]
[BlackElo "2212"]
[PlyCount "46"]
[GameId "2160767910096491"]
[EventDate "2009.10.09"]
[EventType "tourn"]
[EventRounds "7"]
[EventCountry "CAN"]

1. e4 g6 2. d4 Bg7 3. Nc3 d6 4. g3 e5 5. dxe5 dxe5 6. Qxd8+ Kxd8 7. Bg5+ f6 8. O-O-O+ Bd7 9. Be3 c6 10. a4 Kc7 11. Bc4 Ne7 12. f3 b6 13. h4 h5 14. Nh3 Bh6 15. Bxh6 Rxh6 16. Nf2 a6 17. Bb3 a5 18. Rd2 Na6 19. Nd3 Rf8 20. f4 exf4 21. gxf4 Nb4 22. Nf2 Na6 23. Nd3 Nb4 1/2-1/2

[Event "British Columbia ch"]
[Site "Vancouver CAN"]
[Date "2009.10.11"]
[Round "4.4"]
[White "Sohal, Tanraj"]
[Black "Wu, Howard"]
[Result "1/2-1/2"]
[WhiteElo "2110"]
[BlackElo "2244"]
[PlyCount "32"]
[GameId "2160767910096492"]
[EventDate "2009.10.09"]
[EventType "tourn"]
[EventRounds "7"]
[EventCountry "CAN"]

1. d4 Nf6 2. c4 c5 3. d5 b5 4. Qc2 bxc4 5. e4 d6 6. Bxc4 g6 7. b3 Bg7 8. Bb2 O-O 9. Nf3 Nbd7 10. O-O Nb6 11. Nbd2 a5 12. a4 Nxc4 13. Nxc4 Ba6 14. Nfd2 Bh6 15. Rfe1 Bc8 16. Rad1 Ne8 1/2-1/2

[Event "British Columbia ch"]
[Site "Vancouver CAN"]
[Date "2009.10.11"]
[Round "5"]
[White "Wu, Howard"]
[Black "Yoos, John"]
[Result "0-1"]
[WhiteElo "2244"]
[BlackElo "2438"]
[PlyCount "112"]
[GameId "2160767910096493"]
[EventDate "2009.10.09"]
[EventType "tourn"]
[EventRounds "7"]
[EventCountry "CAN"]
[SourceTitle "EXT 2011"]
[Source "ChessBase"]
[SourceDate "2011.11.26"]
[SourceVersion "1"]
[SourceVersionDate "2011.11.26"]
[SourceQuality "1"]

1. e4 c5 2. c3 d6 3. d4 Nf6 4. dxc5 Nc6 5. cxd6 Nxe4 6. Be3 Nxd6 7. Nf3 e5 8. Be2 Be7 9. O-O O-O 10. Bc5 Qc7 11. Na3 e4 12. Nd4 a6 13. Kh1 b6 14. Bxd6 Qxd6 15. Nc4 Qc7 16. Nxc6 Qxc6 17. Ne5 Qc7 18. f4 Bd6 19. Bc4 Bxe5 20. Bd5 Ra7 21. fxe5 Qxe5 22. Qb3 Re7 23. c4 Be6 24. Qxb6 Bxd5 25. cxd5 Qxd5 26. Qxa6 Qd2 27. Qa3 Rb7 28. Rad1 Qxb2 29. Qe3 Qe5 30. g4 Rb2 31. Rd2 Rxd2 32. Qxd2 e3 33. Qe2 g6 34. Rf3 Rb8 35. Qxe3 Rb1+ 36. Kg2 Rb2+ 37. Kf1 Qxe3 38. Rxe3 Rxh2 39. a4 Ra2 40. Re8+ Kg7 41. Ra8 Kf6 42. Ra5 h6 43. Kg1 Rc2 44. Rb5 Rc4 45. g5+ hxg5 46. a5 Rc2 47. Rb6+ Ke5 48. Rb5+ Kf6 49. Rb6+ Kg7 50. a6 Ra2 51. Rc6 g4 52. Rb6 g3 53. Rc6 f5 54. Rc7+ Kh6 55. a7 f4 56. Rf7 Kg5 0-1

[Event "British Columbia ch"]
[Site "Vancouver CAN"]
[Date "2009.10.11"]
[Round "5.2"]
[White "Milicevic, Dragoljub"]
[Black "Sohal, Tanraj"]
[Result "1/2-1/2"]
[WhiteElo "2212"]
[BlackElo "2110"]
[PlyCount "40"]
[GameId "2160767910096494"]
[EventDate "2009.10.09"]
[EventType "tourn"]
[EventRounds "7"]
[EventCountry "CAN"]

1. Nf3 Nf6 2. c4 e6 3. g3 d5 4. Bg2 Be7 5. O-O O-O 6. d4 c6 7. b3 b6 8. Bb2 Ne4 9. e3 Nd7 10. Nbd2 Nxd2 11. Qxd2 f5 12. Rac1 Bb7 13. Rc2 Bd6 14. Rfc1 Nf6 15. cxd5 Ne4 16. Qe1 cxd5 17. Ne5 Rc8 18. f4 Rxc2 19. Rxc2 Bxe5 20. dxe5 Qd7 1/2-1/2

[Event "British Columbia ch"]
[Site "Vancouver CAN"]
[Date "2009.10.11"]
[Round "5.3"]
[White "McLaren, Brian"]
[Black "Jiganchine, Roman"]
[Result "1/2-1/2"]
[WhiteElo "2217"]
[BlackElo "2251"]
[PlyCount "60"]
[GameId "2160767910096495"]
[EventDate "2009.10.09"]
[EventType "tourn"]
[EventRounds "7"]
[EventCountry "CAN"]

1. Nf3 Nf6 2. c4 c6 3. g3 d5 4. Bg2 Bf5 5. cxd5 cxd5 6. Qb3 Qb6 7. Nc3 e6 8. d3 Qxb3 9. axb3 Nc6 10. Bf4 Bb4 11. O-O O-O 12. Nb5 Rfd8 13. Rfc1 Ne8 14. Nfd4 Nxd4 15. Nxd4 Bg6 16. Nb5 a6 17. Nc7 Rac8 18. Nxe8 Rxe8 19. Bc7 h6 20. e4 Re7 21. Bb6 Rxc1+ 22. Rxc1 dxe4 23. dxe4 Rd7 24. e5 Rd2 25. Bxb7 Rxb2 26. Bxa6 Rxb3 27. Be3 Bc3 28. Bc4 Rb1 29. Rxb1 Bxb1 30. f4 Be4 1/2-1/2

[Event "British Columbia ch"]
[Site "Vancouver CAN"]
[Date "2009.10.11"]
[Round "5.4"]
[White "Pechisker, Alfred"]
[Black "Davies, Lucas"]
[Result "1/2-1/2"]
[WhiteElo "2284"]
[BlackElo "2238"]
[PlyCount "75"]
[GameId "2160767910096496"]
[EventDate "2009.10.09"]
[EventType "tourn"]
[EventRounds "7"]
[EventCountry "CAN"]

1. d4 Nf6 2. c4 g6 3. Nc3 Bg7 4. e4 d6 5. f3 O-O 6. Bg5 Nc6 7. Nge2 a6 8. d5 Ne5 9. Nd4 c5 10. Nc2 h6 11. Be3 Ne8 12. a4 f5 13. Qd2 fxe4 14. Nxe4 Kh7 15. Be2 e6 16. O-O exd5 17. cxd5 b6 18. Na3 Bd7 19. Nc4 Nxc4 20. Bxc4 b5 21. axb5 axb5 22. Bd3 b4 23. Qc2 Rxa1 24. Rxa1 Bf5 25. Ra6 Qe7 26. g4 Bc8 27. Ra8 Nf6 28. Nxf6+ Qxf6 29. Be4 Bd7 30. Rxf8 Bxf8 31. h4 Qxh4 32. Bxg6+ Kg7 33. Bf2 Qf6 34. Be4 Kf7 35. b3 Bg7 36. Kg2 Qb2 37. Bg6+ Kf8 38. Qxb2 1/2-1/2

[Event "British Columbia ch"]
[Site "Vancouver CAN"]
[Date "2009.10.12"]
[Round "6"]
[White "Yoos, John"]
[Black "Davies, Lucas"]
[Result "1/2-1/2"]
[WhiteElo "2438"]
[BlackElo "2238"]
[PlyCount "126"]
[GameId "2160767910096497"]
[EventDate "2009.10.09"]
[EventType "tourn"]
[EventRounds "7"]
[EventCountry "CAN"]
[SourceTitle "EXT 2011"]
[Source "ChessBase"]
[SourceDate "2011.11.26"]
[SourceVersion "1"]
[SourceVersionDate "2011.11.26"]
[SourceQuality "1"]

1. e4 c6 2. d4 d5 3. e5 Bf5 4. Nf3 e6 5. a3 c5 6. c4 dxc4 7. Bxc4 Nc6 8. Qb3 Qc7 9. Nc3 cxd4 10. Nb5 Qb6 11. Nbxd4 Qxb3 12. Bxb3 Be4 13. O-O Bc5 14. Re1 Bxf3 15. Nxf3 Nge7 16. Bc2 O-O 17. b4 Nd4 18. Be4 Nxf3+ 19. Bxf3 Bd4 20. Ra2 Nd5 21. Bb2 Bxb2 22. Rxb2 Rfd8 23. Rc2 Rac8 24. Rec1 Rxc2 25. Rxc2 Kf8 26. g3 Ke7 27. Kf1 b6 28. Ke2 f6 29. exf6+ Nxf6 30. Rc7+ Rd7 31. Rxd7+ Kxd7 32. Kd3 Kd6 33. Kc4 g5 34. h3 h6 35. a4 e5 36. Bg2 Ne8 37. Be4 Nf6 38. Bg6 Kc6 39. Bf5 Ne8 40. Be4+ Kd6 41. Bg2 Nc7 42. Bb7 Ne8 43. Be4 Nf6 44. Bg6 Kc6 45. Bf7 Kd6 46. Kb5 Ne4 47. Ka6 Nxf2 48. Kxa7 Kc7 49. a5 b5 50. Ka6 e4 51. Kxb5 e3 52. Bc4 Ne4 53. Bd3 Nxg3 54. Kc5 e2 55. Bxe2 Nxe2 56. b5 Nf4 57. b6+ Kb7 58. Kb5 h5 59. a6+ Kb8 60. Kc6 Ne6 61. Kd5 g4 62. hxg4 hxg4 63. Ke4 Nc5+ 1/2-1/2

[Event "British Columbia ch"]
[Site "Vancouver CAN"]
[Date "2009.10.12"]
[Round "6.2"]
[White "Jiganchine, Roman"]
[Black "Pechisker, Alfred"]
[Result "1-0"]
[WhiteElo "2251"]
[BlackElo "2284"]
[PlyCount "43"]
[GameId "2160767910096498"]
[EventDate "2009.10.09"]
[EventType "tourn"]
[EventRounds "7"]
[EventCountry "CAN"]

1. e4 c5 2. Nf3 d6 3. d4 cxd4 4. Nxd4 Nf6 5. Nc3 a6 6. Be2 e6 7. O-O Qc7 8. f4 b5 9. e5 dxe5 10. fxe5 Nfd7 11. Bf3 Bb7 12. Bxb7 Qxb7 13. Qh5 g6 14. Qh4 Qb6 15. Be3 Bc5 16. b4 Bxb4 17. Nf5 Qa5 18. Ng7+ Kf8 19. Nxe6+ Ke8 20. Ng7+ Kf8 21. Nd5 Nc6 22. Ne6+ 1-0

[Event "British Columbia ch"]
[Site "Vancouver CAN"]
[Date "2009.10.12"]
[Round "6.3"]
[White "Sohal, Tanraj"]
[Black "McLaren, Brian"]
[Result "1/2-1/2"]
[WhiteElo "2110"]
[BlackElo "2217"]
[PlyCount "25"]
[GameId "2160767910096499"]
[EventDate "2009.10.09"]
[EventType "tourn"]
[EventRounds "7"]
[EventCountry "CAN"]

1. d4 d5 2. c4 e6 3. Nc3 c6 4. cxd5 exd5 5. Bf4 Bf5 6. e3 Nf6 7. Bd3 Bxd3 8. Qxd3 Be7 9. Nf3 O-O 10. O-O Nbd7 11. Ne5 Re8 12. Nxd7 Qxd7 13. Be5 1/2-1/2

[Event "British Columbia ch"]
[Site "Vancouver CAN"]
[Date "2009.10.12"]
[Round "6.4"]
[White "Wu, Howard"]
[Black "Milicevic, Dragoljub"]
[Result "0-1"]
[WhiteElo "2244"]
[BlackElo "2212"]
[PlyCount "72"]
[GameId "2160767910096500"]
[EventDate "2009.10.09"]
[EventType "tourn"]
[EventRounds "7"]
[EventCountry "CAN"]

1. d4 g6 2. c4 f5 3. Nc3 Nf6 4. g3 Bg7 5. Bg2 d6 6. Nf3 O-O 7. O-O c6 8. d5 e5 9. dxe6 Bxe6 10. Bf4 Bxc4 11. Bxd6 Re8 12. Ne5 Be6 13. Qd3 Na6 14. Ba3 Qxd3 15. Nxd3 Rad8 16. Bf3 Bc4 17. Rfd1 Ne4 18. Bxe4 fxe4 19. Nf4 Bxc3 20. bxc3 Nc7 21. e3 Nb5 22. Bc5 b6 23. Bd4 Kf7 24. a4 Nc7 25. a5 c5 26. axb6 axb6 27. Ra7 Rd7 28. Rb7 b5 29. Ra1 cxd4 30. cxd4 g5 31. Nh5 Bd5 32. Rb6 Re6 33. Rb8 Rc6 34. Ra7 Be6 35. Kg2 Bg4 36. Rh8 Kg6 0-1

[Event "British Columbia ch"]
[Site "Vancouver CAN"]
[Date "2009.10.12"]
[Round "7"]
[White "Milicevic, Dragoljub"]
[Black "Yoos, John"]
[Result "1/2-1/2"]
[WhiteElo "2212"]
[BlackElo "2438"]
[PlyCount "22"]
[GameId "2160767910096501"]
[EventDate "2009.10.09"]
[EventType "tourn"]
[EventRounds "7"]
[EventCountry "CAN"]
[SourceTitle "EXT 2011"]
[Source "ChessBase"]
[SourceDate "2011.11.26"]
[SourceVersion "1"]
[SourceVersionDate "2011.11.26"]
[SourceQuality "1"]

1. Nf3 Nf6 2. c4 g6 3. g3 Bg7 4. Bg2 O-O 5. O-O d6 6. d4 a6 7. Nc3 Nc6 8. Qd3 Nd7 9. Bg5 h6 10. Be3 e5 11. d5 Ne7 1/2-1/2

[Event "British Columbia ch"]
[Site "Vancouver CAN"]
[Date "2009.10.12"]
[Round "7.2"]
[White "McLaren, Brian"]
[Black "Wu, Howard"]
[Result "1-0"]
[WhiteElo "2217"]
[BlackElo "2244"]
[PlyCount "71"]
[GameId "2160767910096502"]
[EventDate "2009.10.09"]
[EventType "tourn"]
[EventRounds "7"]
[EventCountry "CAN"]

1. Nf3 c5 2. g3 Nc6 3. Bg2 g6 4. d4 cxd4 5. Nxd4 Bg7 6. Nxc6 bxc6 7. O-O Nf6 8. c4 O-O 9. Nc3 Qb6 10. Rb1 d6 11. Be3 Qa6 12. Qa4 Qxa4 13. Nxa4 Bf5 14. Rbc1 Rac8 15. b4 Ng4 16. Bd2 Be6 17. Bc3 Ne5 18. Nb2 Bh6 19. Rc2 Nxc4 20. Nxc4 Bxc4 21. Bd4 d5 22. Bxa7 Ra8 23. Bc5 Rfe8 24. Rxc4 dxc4 25. Bxc6 Rec8 26. Bxa8 Rxa8 27. e3 Bg7 28. Rc1 c3 29. Rc2 Kf8 30. Kf1 Ke8 31. Ke2 Kd7 32. Kd3 e6 33. Bd4 Bxd4 34. Kxd4 Ra3 35. Kc4 Kd6 36. b5 1-0

[Event "British Columbia ch"]
[Site "Vancouver CAN"]
[Date "2009.10.12"]
[Round "7.3"]
[White "Pechisker, Alfred"]
[Black "Sohal, Tanraj"]
[Result "1-0"]
[WhiteElo "2284"]
[BlackElo "2110"]
[PlyCount "73"]
[GameId "2160767910096503"]
[EventDate "2009.10.09"]
[EventType "tourn"]
[EventRounds "7"]
[EventCountry "CAN"]

1. d4 Nf6 2. c4 e6 3. Nf3 Bb4+ 4. Bd2 Bxd2+ 5. Nbxd2 d6 6. e3 O-O 7. Qc2 a6 8. Rg1 Nc6 9. g4 e5 10. d5 Ne7 11. g5 Ne8 12. Bd3 g6 13. Ne4 f5 14. gxf6 Nxf6 15. Nfg5 Nxe4 16. Bxe4 Nf5 17. O-O-O Qf6 18. Rd2 Bd7 19. Ne6 Bxe6 20. dxe6 Rab8 21. c5 Ne7 22. cxd6 cxd6 23. Qb3 b5 24. Rgd1 Rbc8+ 25. Kb1 Rc4 26. f3 d5 27. Rxd5 Qxe6 28. Rd6 Qf7 29. Rxa6 Rfc8 30. Qxb5 R4c5 31. Qd3 R8c7 32. a3 Kg7 33. h4 Nf5 34. h5 Qc4 35. Bxf5 gxf5 36. Rg1+ Kh8 37. Qd8+ 1-0

[Event "British Columbia op"]
[Site "Victoria CAN"]
[Date "2009.07.24"]
[Round "1"]
[White "Aykroyd, Colin"]
[Black "Hamm, Robert"]
[Result "1/2-1/2"]
[WhiteElo "1986"]
[BlackElo "1590"]
[PlyCount "100"]
[GameId "2160767910093468"]
[EventDate "2009.07.24"]
[EventType "swiss"]
[EventRounds "5"]
[EventCountry "CAN"]
[SourceTitle "EXT 2011"]
[Source "ChessBase"]
[SourceDate "2011.11.26"]
[SourceVersion "1"]
[SourceVersionDate "2011.11.26"]
[SourceQuality "1"]

1. e4 c5 2. Nf3 e6 3. d4 cxd4 4. Nxd4 a6 5. g3 Qc7 6. Bg2 Nf6 7. O-O Be7 8. Nc3 Nc6 9. Nde2 O-O 10. h3 Rd8 11. Kh2 d6 12. Be3 Rb8 13. f4 e5 14. g4 Bxg4 15. Nd5 Nxd5 16. exd5 Bxe2 17. Qxe2 Na5 18. Qf2 Nc4 19. Ba7 Ra8 20. fxe5 Rf8 21. b3 Nxe5 22. Bb6 Qd7 23. c4 Bf6 24. Rad1 Ng6 25. Bd4 Be5+ 26. Bxe5 Nxe5 27. Be4 g6 28. Qf6 Rae8 29. Bg2 Qe7 30. Rd2 Nd7 31. Qxe7 Rxe7 32. b4 b6 33. a4 Kg7 34. Ra2 Rb8 35. Rc2 Rc8 36. Rb1 Re3 37. a5 bxa5 38. b5 axb5 39. Rxb5 a4 40. Ra5 Nc5 41. Bf1 Kf6 42. Rf2+ Ke7 43. Ra7+ Nd7 44. Rxa4 f5 45. Kg2 Ne5 46. Ra7+ Nd7 47. Rb2 Kd8 48. Rbb7 Re7 49. Kg3 Rb8 50. Rc7 Rc8 1/2-1/2

[Event "British Columbia op"]
[Site "Victoria CAN"]
[Date "2009.07.24"]
[Round "1"]
[White "Chen, Howard"]
[Black "Stewart, Deron"]
[Result "1-0"]
[WhiteElo "2192"]
[BlackElo "1636"]
[PlyCount "61"]
[GameId "2160767910093469"]
[EventDate "2009.07.24"]
[EventType "swiss"]
[EventRounds "5"]
[EventCountry "CAN"]
[SourceTitle "EXT 2011"]
[Source "ChessBase"]
[SourceDate "2011.11.26"]
[SourceVersion "1"]
[SourceVersionDate "2011.11.26"]
[SourceQuality "1"]

1. e4 c5 2. Nf3 d6 3. Bb5+ Bd7 4. Bxd7+ Nxd7 5. c4 e6 6. Nc3 Ngf6 7. d4 Be7 8. O-O O-O 9. Re1 h6 10. d5 exd5 11. exd5 Re8 12. h3 a6 13. Bf4 Nf8 14. Qd3 Ng6 15. Bh2 Qd7 16. a4 Bf8 17. Nd2 Rxe1+ 18. Rxe1 Re8 19. Nde4 Nxe4 20. Rxe4 f5 21. Rxe8 Qxe8 22. Kf1 Qf7 23. Qe2 Qf6 24. Qe8 Qf7 25. Qc8 Kh7 26. Qe6 Qxe6 27. dxe6 Kg8 28. Nd5 f4 29. Bxf4 Nxf4 30. Nxf4 Be7 31. Ng6 1-0

[Event "British Columbia op"]
[Site "Victoria CAN"]
[Date "2009.07.24"]
[Round "1"]
[White "Cruden, Neil B"]
[Black "Milonas, Nikolas"]
[Result "1/2-1/2"]
[WhiteElo "1908"]
[BlackElo "1290"]
[PlyCount "48"]
[GameId "2160767910093470"]
[EventDate "2009.07.24"]
[EventType "swiss"]
[EventRounds "5"]
[EventCountry "CAN"]
[SourceTitle "EXT 2011"]
[Source "ChessBase"]
[SourceDate "2011.11.26"]
[SourceVersion "1"]
[SourceVersionDate "2011.11.26"]
[SourceQuality "1"]

1. e4 c5 2. Nf3 d6 3. d4 cxd4 4. Nxd4 Nc6 5. Be3 Nf6 6. Nc3 e6 7. Be2 Be7 8. O-O O-O 9. f4 e5 10. Nxc6 bxc6 11. fxe5 dxe5 12. Qxd8 Rxd8 13. Rad1 Be6 14. h3 h5 15. a3 a5 16. Rxd8+ Bxd8 17. Rd1 a4 18. Rd6 Bd7 19. Bg5 Be7 20. Rd1 Be6 21. Kh2 Kf8 22. Bh4 g6 23. Bg5 Nd7 24. Be3 Nf6 1/2-1/2

[Event "British Columbia op"]
[Site "Victoria CAN"]
[Date "2009.07.24"]
[Round "1"]
[White "Diemecke, Pablo"]
[Black "Setiadikurnia, Sloan"]
[Result "1/2-1/2"]
[WhiteElo "1840"]
[BlackElo "692"]
[PlyCount "63"]
[GameId "2160767910093471"]
[EventDate "2009.07.24"]
[EventType "swiss"]
[EventRounds "5"]
[EventCountry "CAN"]
[SourceTitle "EXT 2011"]
[Source "ChessBase"]
[SourceDate "2011.11.26"]
[SourceVersion "1"]
[SourceVersionDate "2011.11.26"]
[SourceQuality "1"]

1. e4 e6 2. d4 d5 3. exd5 exd5 4. Nf3 Nf6 5. Be2 Bf5 6. O-O g6 7. Bb5+ Nbd7 8. Re1+ Be7 9. Bh6 c6 10. Bd3 Ng4 11. Bg7 Rg8 12. Bxf5 gxf5 13. Be5 Ngxe5 14. Nxe5 Qc7 15. Qh5 O-O-O 16. Qxf7 Bd6 17. f4 Bxe5 18. dxe5 Qb6+ 19. Kh1 Qf2 20. Rg1 Qxf4 21. Nc3 Nxe5 22. Qe6+ Nd7 23. Raf1 Qe5 24. Qxf5 Qxf5 25. Rxf5 Rde8 26. Rf2 Ne5 27. Rd1 Ng4 28. Rfd2 Ne3 29. Rg1 Nc4 30. Rf2 Nxb2 31. Rf7 Re3 32. Nb1 1/2-1/2

[Event "British Columbia op"]
[Site "Victoria CAN"]
[Date "2009.07.24"]
[Round "1"]
[White "Edgar, Garth"]
[Black "Reid, Richard"]
[Result "0-1"]
[WhiteElo "1130"]
[BlackElo "1873"]
[PlyCount "57"]
[GameId "2160767910093472"]
[EventDate "2009.07.24"]
[EventType "swiss"]
[EventRounds "5"]
[EventCountry "CAN"]
[SourceTitle "EXT 2011"]
[Source "ChessBase"]
[SourceDate "2011.11.26"]
[SourceVersion "1"]
[SourceVersionDate "2011.11.26"]
[SourceQuality "1"]

1. e4 c6 2. Nf3 d5 3. e5 Bg4 4. d4 e6 5. c3 c5 6. h3 Bh5 7. Bb5+ Nc6 8. Qa4 Qb6 9. Be3 Bxf3 10. gxf3 a6 11. Nd2 Qxb5 12. Qc2 cxd4 13. Bxd4 Nge7 14. Nb3 Nf5 15. O-O-O Be7 16. f4 Rc8 17. Rd3 Nb4 18. Qe2 Qxd3 19. Qxd3 Nxd3+ 20. Kc2 Nxd4+ 21. Nxd4 Nxf4 22. Rg1 Ng6 23. Rg4 h5 24. Rg2 Nxe5 25. f4 Nc6 26. Kd3 Nxd4 27. cxd4 Bf6 28. b3 Kd7 29. Rf2 0-1

[Event "British Columbia op"]
[Site "Victoria CAN"]
[Date "2009.07.24"]
[Round "1"]
[White "Findlay, Dave"]
[Black "Cao, Jason"]
[Result "0-1"]
[WhiteElo "1758"]
[BlackElo "1032"]
[PlyCount "60"]
[GameId "2160767910093473"]
[EventDate "2009.07.24"]
[EventType "swiss"]
[EventRounds "5"]
[EventCountry "CAN"]
[SourceTitle "EXT 2011"]
[Source "ChessBase"]
[SourceDate "2011.11.26"]
[SourceVersion "1"]
[SourceVersionDate "2011.11.26"]
[SourceQuality "1"]

1. e4 e6 2. d4 d5 3. exd5 exd5 4. Nf3 Bd6 5. Bd3 Nc6 6. c3 Bg4 7. O-O Qd7 8. Re1+ Nge7 9. Nbd2 O-O-O 10. b4 Bh5 11. a4 Bg6 12. Bf1 h5 13. a5 h4 14. h3 Bf5 15. Nb3 Rdg8 16. Nc5 Qd8 17. Qa4 f6 18. b5 Nb8 19. Bd3 Bd7 20. Rb1 g5 21. Ne6 Bxe6 22. Rxe6 Qd7 23. Rxf6 g4 24. Ng5 gxh3 25. gxh3 Qxh3 26. Rf8+ Kd7 27. b6+ c6 28. Bf5+ Nxf5 29. Rf7+ Ke8 30. f4 Rxg5+ 0-1

[Event "British Columbia op"]
[Site "Victoria CAN"]
[Date "2009.07.24"]
[Round "1"]
[White "Ho, Daniel"]
[Black "McCleary, Rick"]
[Result "1-0"]
[WhiteElo "1900"]
[BlackElo "1140"]
[PlyCount "49"]
[GameId "2160767910093475"]
[EventDate "2009.07.24"]
[EventType "swiss"]
[EventRounds "5"]
[EventCountry "CAN"]
[SourceTitle "EXT 2011"]
[Source "ChessBase"]
[SourceDate "2011.11.26"]
[SourceVersion "1"]
[SourceVersionDate "2011.11.26"]
[SourceQuality "1"]

1. e4 e6 2. d4 d5 3. Nc3 Bb4 4. e5 Ne7 5. Nf3 c5 6. Bb5+ Nbc6 7. O-O Bxc3 8. bxc3 Qb6 9. Bxc6+ Qxc6 10. a4 b6 11. Ba3 Ba6 12. Re1 O-O-O 13. a5 b5 14. Bxc5 Rd7 15. Nd2 f6 16. Nb3 f5 17. Bd6 Ng6 18. Nc5 Rf7 19. Nxe6 h6 20. Qh5 Nxe5 21. dxe5 Rb7 22. Nc5 Qe8 23. Qxf5+ Rd7 24. Nxa6 Kd8 25. e6 1-0